[Event "Pohár města Říčany 2018"]
[Site "Městské kulturní středisko U labutě"]
[Date "2018.08.25"]
[Round "2.10"]
[White "Skacel, Jan"]
[Black "Petr, Jakub"]
[Result "1/2-1/2"]
[WhiteElo "1961"]
[BlackElo "2145"]
[PlyCount "0"]
[EventDate "2018.08.25"]

1. e4 c5 2. Nf3 d6 3. d4 cxd4 4. Nxd4 Nf6 5. Nc3 a6 6. f4 e6 7. Bd3 Be7 8. Nf3
Nc6 9. O-O b5 10. Qe2 Bb7 11. e5 dxe5 12. fxe5 Nd4 13. Nxd4 Qxd4+ 14. Kh1 Nd7
15. Bf4 g5 16. Rad1 gxf4 17. Bxb5 Qxd1 18. Rxd1 axb5 19. Qxb5 O-O-O 20. Qc4+ Nc5
21. Rd6 Bxd6 22. exd6 Rxd6 23. Qxc5+ Kd7 24. Qb4 Bc6 25. Qxf4 f5 26. Qg5 Rd8
27. h3 Kc8 28. Ne2 Be4 29. Qe3 Rd1+ 30. Kh2 R8d2 31. Kg3 Rxc2 32. Qb6 Rc6
33. Qb4 e5 34. Qf8+ Rd8 35. Qe7 Rg8+ 36. Kf2 Rxg2+ 37. Ke3 f4+ 38. Kxe4 Rxe2+
39. Kd5 Rec2 40. b4 Rc7 41. Qe8+ Kb7 42. Qb5+ Kc8 43. Qe8+ 1/2-1/2

[Event "Pohár města Říčany 2018"]
[Site "Městské kulturní středisko U labutě"]
[Date "2018.08.25"]
[Round "2.11"]
[White "Vanka, Miloslav"]
[Black "Lhotsky, Frantisek"]
[Result "1/2-1/2"]
[WhiteElo "2140"]
[BlackElo "1737"]
[PlyCount "0"]
[EventDate "2018.08.25"]

1. d4 d5 2. c4 c6 3. Nf3 Nf6 4. Nc3 e6 5. Bg5 dxc4 6. e4 b5 7. e5 h6 8. Bh4 g5
9. Nxg5 hxg5 10. Bxg5 Nbd7 11. exf6 Bb7 12. Be2 Qb6 13. Bf3 O-O-O 14. O-O Ne5
15. dxe5 Rxd1 16. Raxd1 Qc7 17. Bf4 Bh6 18. Bxh6 Qxe5 19. Rfe1 Qc7 20. Be3 Qxh2+
21. Kf1 Qe5 22. Rd2 b4 23. Rd4 bxc3 24. bxc3 Qxf6 25. Ke2 Rd8 26. Red1 Rxd4
27. Bxd4 Qe7 1/2-1/2

[Event "Pohár města Říčany 2018"]
[Site "Městské kulturní středisko U labutě"]
[Date "2018.08.25"]
[Round "2.12"]
[White "Maly, Filip"]
[Black "Skalicky, Tomas"]
[Result "0-1"]
[WhiteElo "1954"]
[BlackElo "2125"]
[PlyCount "0"]
[EventDate "2018.08.25"]

1. e4 e5 2. Nf3 Nc6 3. Bb5 Nge7 4. O-O g6 5. c3 Bg7 6. d4 exd4 7. cxd4 d5
8. exd5 Nxd5 9. Re1+ Be6 10. Bg5 Qd6 11. Nc3 O-O 12. Bxc6 Nxc3 13. bxc3 Qxc6
14. Ne5 Qxc3 15. Rc1 Qa5 16. Rc5 Qb6 17. Qc1 c6 18. Bh6 Rad8 19. Bxg7 Kxg7
20. h4 Qb4 21. Nf3 Bg4 22. h5 Bxf3 23. h6+ Kg8 24. Rc4 Qd6 25. gxf3 Rfe8
26. Rxe8+ Rxe8 27. Qc3 Qf4 28. d5 Qxh6 29. d6 Qg5+ 30. Rg4 Qf5 31. Qd2 Qxf3
32. Rg3 Re2 0-1

[Event "Pohár města Říčany 2018"]
[Site "Městské kulturní středisko U labutě"]
[Date "2018.08.25"]
[Round "2.13"]
[White "Rut, Vojtech"]
[Black "Rerabek, Jaroslav"]
[Result "1/2-1/2"]
[WhiteElo "2123"]
[BlackElo "1684"]
[PlyCount "0"]
[EventDate "2018.08.25"]

1. d4 d5 2. e4 dxe4 3. Nc3 Bf5 4. f3 exf3 5. Qxf3 Qc8 6. Bc4 c6 7. Nge2 e6
8. O-O Nf6 9. Bg5 Nbd7 10. Ng3 Bg6 11. h4 h6 12. Bxf6 Nxf6 13. h5 Bxc2 14. Rac1
Bh7 15. Nge4 Bxe4 16. Nxe4 Be7 17. d5 exd5 18. Nxf6+ gxf6 19. Bxd5 Qd7 20. Rxc6
Rd8 21. Rd1 Kf8 22. Rcc1 Qb5 23. Bb3 Rxd1+ 24. Qxd1 Qg5 25. Bd5 Kg7 26. Rc7 Rd8
27. Rxe7 Rxd5 28. Qf3 Rf5 29. Qe2 Re5 1/2-1/2

[Event "Pohár města Říčany 2018"]
[Site "Městské kulturní středisko U labutě"]
[Date "2018.08.25"]
[Round "2.14"]
[White "Skala, Jaromir"]
[Black "Hosticka, Frantisek"]
[Result "1/2-1/2"]
[WhiteElo "1920"]
[BlackElo "2087"]
[PlyCount "0"]
[EventDate "2018.08.25"]

1. d4 Nf6 2. c4 e6 3. Nc3 Bb4 4. e3 Bxc3+ 5. bxc3 c5 6. Bd3 d6 7. Ne2 Nc6
8. O-O e5 9. d5 Ne7 10. Qc2 Ng6 11. f4 exf4 12. exf4 O-O 13. Ng3 Ng4 14. Bf5
Bxf5 15. Nxf5 Nh4 16. h3 Nxf5 17. hxg4 Ng3 18. Rf3 Qh4 19. Qd3 Rae8 20. Rxg3
Re1+ 21. Kf2 Rfe8 22. Kf3 Qh1 23. Rh3 Qf1+ 24. Qxf1 Rxf1+ 25. Kg3 Ree1 26. Rb1
b6 27. Rb3 Rxc1 28. g5 g6 29. Kg4 Rc2 30. Ra3 Rxg2+ 31. Rg3 Rgf2 32. Rxa7 Rxf4+
33. Kh3 Rxc4 34. Rd7 Rh1+ 35. Kg2 Rc1 36. Rf3 Rc2+ 37. Kf1 Rh4 38. Kg1 Rg4+
39. Kf1 Rxg5 40. Rfxf7 Rf5+ 41. Rxf5 gxf5 42. Rxd6 Rxc3 43. Rxb6 Rd3 44. d6 Kf7
45. Rc6 Rd5 46. a4 Ke6 47. a5 Kd7 48. Rc7+ Kxd6 49. Rxh7 c4 50. a6 Ra5 51. a7
Ra2 52. Ke1 Ke5 53. Rc7 Kd4 54. Rf7 Ke4 55. Re7+ Kd3 56. Rd7+ Kc3 57. Re7 Kb3
58. Rb7+ Kc2 59. Rh7 Ra1+ 60. Ke2 c3 61. Rb7 Ra6 62. Re7 f4 63. Kf3 Ra4 64. Re2+
Kb1 65. Re1+ Kb2 66. Re7 Kc1 67. Re1+ Kd2 68. Re2+ Kd1 69. Re7 Ra1 70. Rd7+ Ke1
71. Re7+ Kd2 72. Rd7+ Kc1 73. Kxf4 c2 74. Ke3 Ra3+ 75. Ke2 Ra6 76. Re7 Ra5
77. Rh7 Ra3 78. Rb7 Ra6 79. Re7 Ra5 80. Rh7 Kb2 81. Rb7+ Kc1 82. Rh7 1/2-1/2

[Event "Pohár města Říčany 2018"]
[Site "Městské kulturní středisko U labutě"]
[Date "2018.08.25"]
[Round "2.15"]
[White "Vetrovsky, Michal"]
[Black "Hlavacek, Ondrej"]
[Result "1-0"]
[WhiteElo "2078"]
[BlackElo "1737"]
[PlyCount "0"]
[EventDate "2018.08.25"]

1. d4 Nf6 2. Nf3 e6 3. Bf4 d5 4. e3 c5 5. c3 Nc6 6. Nbd2 b6 7. Bd3 Bd6 8. Ne5
Bb7 9. Bg3 Qc7 10. f4 Rc8 11. O-O O-O 12. Qf3 Ne7 13. Bh4 Nd7 14. Qh3 Ng6
15. Ndf3 Ndxe5 16. fxe5 Be7 17. Bxe7 Qxe7 18. Qh5 Qe8 19. Ng5 h6 20. Rxf7 Rxf7
21. Bxg6 hxg5 22. Qh7+ Kf8 23. Bxf7 Kxf7 24. Rf1+ Ke7 25. Qxg7+ 1-0

[Event "Pohár města Říčany 2018"]
[Site "Městské kulturní středisko U labutě"]
[Date "2018.08.25"]
[Round "2.16"]
[White "Hejsek, Lukas"]
[Black "Vorisek, Jakub"]
[Result "0-1"]
[WhiteElo "1704"]
[BlackElo "2069"]
[PlyCount "0"]
[EventDate "2018.08.25"]

1. d4 d5 2. c4 e6 3. g3 c5 4. Nf3 Nf6 5. dxc5 Bxc5 6. cxd5 exd5 7. Bg2 Nc6
8. O-O O-O 9. Bg5 Be6 10. Nc3 d4 11. Bxf6 Qxf6 12. Ne4 Qe7 13. Qc2 Bb6 14. Nfg5
g6 15. Nxe6 Qxe6 16. Qd2 Kg7 17. Ng5 Qe7 18. h4 Rfe8 19. Qf4 h6 20. Ne4 Bc7
21. Qc1 Rac8 22. Qc5 f5 23. Qxe7+ Rxe7 24. Nc5 Bb6 25. Rfc1 Bxc5 26. Rxc5 Rxe2
27. b4 d3 28. Rd1 0-1

[Event "Pohár města Říčany 2018"]
[Site "Městské kulturní středisko U labutě"]
[Date "2018.08.25"]
[Round "2.17"]
[White "Zizka, Petr"]
[Black "Kyselka, Daniel"]
[Result "1-0"]
[WhiteElo "2028"]
[BlackElo "1760"]
[PlyCount "0"]
[EventDate "2018.08.25"]

1. b3 Nf6 2. Bb2 d5 3. e3 Bf5 4. f4 e6 5. Nf3 Be7 6. Be2 a6 7. a4 h6 8. O-O O-O
9. Kh1 c5 10. Ne5 Nbd7 11. d3 Qc7 12. Nd2 b5 13. Qe1 c4 14. dxc4 bxc4 15. bxc4
Bxc2 16. Qg3 Nc5 17. Ng4 Bg6 18. Nxf6+ Bxf6 19. Bxf6 gxf6 20. Qh4 Kg7 21. cxd5
Rad8 22. Bf3 exd5 23. f5 Bxf5 24. Bg4 Bg6 25. Qxf6+ Kg8 26. Qh4 Kg7 27. Rac1 Qa5
28. Qf6+ Kg8 29. Bf5 Bxf5 {dale necitelne} 1-0

[Event "Pohár města Říčany 2018"]
[Site "Městské kulturní středisko U labutě"]
[Date "2018.08.25"]
[Round "2.18"]
[White "Dome, Michal"]
[Black "Postupa, Pavel"]
[Result "0-1"]
[WhiteElo "1755"]
[BlackElo "1944"]
[PlyCount "0"]
[EventDate "2018.08.25"]

1. d4 Nf6 2. c4 g6 3. Nc3 d5 4. cxd5 Nxd5 5. e4 Nxc3 6. bxc3 Bg7 7. Bc4 b6
8. Qa4+ Bd7 9. Qb3 O-O 10. Be3 Nc6 11. Qc2 Na5 12. Be2 c5 13. dxc5 Ba4 14. Qd2
Qc8 15. Bd4 Rd8 16. Qb2 Rxd4 17. cxd4 bxc5 18. e5 Nc6 19. Qa3 cxd4 20. Qxa4 Nxe5
21. Rd1 Qc3+ 22. Kf1 d3 23. Bf3 Rb8 24. Qf4 Rb2 25. Qc1 Rc2 26. Qe3 Rxa2 27. Qe1
Qc2 28. Be4 Ng4 29. Bxd3 Qxf2+ 30. Qxf2 Rxf2+ 31. Ke1 Bc3+ 32. Rd2 Bxd2+ 33. Kd1
Ne3# 0-1

[Event "Pohár města Říčany 2018"]
[Site "Městské kulturní středisko U labutě"]
[Date "2018.08.25"]
[Round "2.19"]
[White "Hampel, Rudolf"]
[Black "Otruba, Marek"]
[Result "0-1"]
[WhiteElo "1686"]
[BlackElo "2005"]
[PlyCount "0"]
[EventDate "2018.08.25"]

1. e4 c5 2. Nf3 d6 3. d4 cxd4 4. Nxd4 Nf6 5. Nc3 a6 6. Bc4 e6 7. Qf3 Be7 8. O-O
O-O 9. Be3 b5 10. e5 dxe5 11. Qxa8 exd4 12. Nxb5 axb5 13. Bxb5 Qb6 14. Bf4 Qxb5
15. Qxb8 Qxb8 16. Bxb8 Ba6 17. Be5 Bxf1 18. Kxf1 Rc8 19. Rc1 Ng4 20. Bxd4 Bg5
21. Rd1 Rxc2 22. h3 e5 23. Bc3 Nxf2 24. Rd5 f6 25. a4 Ne4 26. Rd3 Nxc3 27. bxc3
Ra2 28. Rd8+ Kf7 29. Ra8 Ke6 30. a5 Kd6 31. a6 Kc6 32. c4 e4 33. a7 Kb7 34. Re8
e3 35. Re7+ Ka8 36. h4 Bxh4 37. Rxe3 Ra1+ 38. Ke2 Re1+ 0-1

[Event "Pohár města Říčany 2018"]
[Site "Městské kulturní středisko U labutě"]
[Date "2018.08.25"]
[Round "2.20"]
[White "Svetly, Jiri"]
[Black "Horyna, Josef"]
[Result "1-0"]
[WhiteElo "1943"]
[BlackElo "1783"]
[PlyCount "0"]
[EventDate "2018.08.25"]

1. d4 e6 2. c4 d5 3. Nc3 dxc4 4. e4 c5 5. Nf3 cxd4 6. Qxd4 Qxd4 7. Nxd4 a6
8. Bxc4 Bc5 9. Be3 Bb4 10. a3 Bxc3+ 11. bxc3 Nf6 12. e5 Nd5 13. Bd2 O-O 14. f4
Bd7 15. Rb1 b5 16. Bxd5 exd5 17. O-O Nc6 18. Nxc6 Bxc6 19. f5 Rfe8 20. Rbe1 h6
21. g4 Rad8 22. Rf4 f6 23. e6 Rc8 24. Be3 Bb7 25. Bd4 Rc4 26. h4 Bc8 27. g5 fxg5
28. hxg5 hxg5 29. Rg4 Rf8 30. Rxg5 Rc7 31. Kf2 a5 32. Rh1 Bxe6 1-0

[Event "Pohár města Říčany 2018"]
[Site "Městské kulturní středisko U labutě"]
[Date "2018.08.25"]
[Round "2.21"]
[White "Lhotska, Anna"]
[Black "Hadrava, Jaroslav"]
[Result "0-1"]
[WhiteElo "1770"]
[BlackElo "1913"]
[PlyCount "0"]
[EventDate "2018.08.25"]

1. c4 e5 2. Nc3 Nc6 3. Nf3 f5 4. d3 Nf6 5. g3 Bb4 6. Bg2 d6 7. O-O Bxc3 8. bxc3
O-O 9. Rb1 Na5 10. Qc2 c6 11. Ba3 Re8 12. Qa4 c5 13. Nd2 Bd7 14. Qc2 Bc6
15. Bxc6 bxc6 16. Rfe1 Qc7 17. d4 cxd4 18. cxd4 exd4 19. Qxf5 c5 20. Qd3 Qf7
21. Rb5 Nc6 22. Reb1 Ne5 23. Qc2 Nfg4 24. Rf1 Qh5 25. h4 Nf6 26. Re1 Neg4
27. Bb2 Re7 28. Bxd4 Rae8 29. Bxf6 Nxf6 30. e3 Ng4 31. Rb3 Qf7 32. Rf1 Rf8
33. Ne4 Qf5 34. f3 Rxe4 35. Qe2 Nxe3 36. Rxe3 Rxe3 37. Qxe3 Qg6 38. Qf2 Qd3
39. f4 Qxc4 40. Qd2 Qe6 41. Rd1 Rd8 42. Re1 Qf7 43. Qa5 Qd7 44. Rd1 Qe7 45. Re1
Qd7 46. Rd1 Kf7 47. Qc3 Qe6 48. a3 Rd7 49. Re1 Qd5 50. Qc2 g6 51. Qc3 Rb7
52. Re3 Rb1+ 53. Kf2 Rd1 54. Ke2 Rh1 55. Rf3 Rh2+ 56. Ke1 Qe4+ 57. Kf1 0-1

[Event "Pohár města Říčany 2018"]
[Site "Městské kulturní středisko U labutě"]
[Date "2018.08.25"]
[Round "2.22"]
[White "Jun, Rudolf"]
[Black "Stork, Rostislav"]
[Result "1/2-1/2"]
[WhiteElo "1905"]
[BlackElo "1779"]
[PlyCount "0"]
[EventDate "2018.08.25"]

1. e4 e5 2. Nf3 Nf6 3. Nxe5 d6 4. Nf3 Nxe4 5. h3 Be7 6. d3 Nf6 7. Be2 Nc6
8. Nc3 Be6 9. Be3 Qd7 10. Qd2 O-O 11. O-O d5 12. d4 Ne4 13. Nxe4 dxe4 14. Ne5
Nxe5 15. dxe5 Qc6 16. c4 Rad8 17. Qc3 a6 18. Rfd1 Rxd1+ 19. Rxd1 Rd8 20. Rxd8+
Bxd8 21. a3 Be7 22. b4 b5 23. c5 Qd5 24. Bd4 Bg5 25. Qb2 Kf8 26. Bc3 e3 27. f3
Bf4 1/2-1/2

[Event "Pohár města Říčany 2018"]
[Site "Městské kulturní středisko U labutě"]
[Date "2018.08.25"]
[Round "2.23"]
[White "Konvalinka, Vladislav"]
[Black "Vlkova, Anezka"]
[Result "0-1"]
[WhiteElo "1740"]
[BlackElo "1901"]
[PlyCount "0"]
[EventDate "2018.08.25"]

1. d4 Nf6 2. c4 g6 3. Nc3 Bg7 4. Nf3 O-O 5. Bg5 d6 6. e3 Nbd7 7. Be2 c5 8. Qc2
Qa5 9. d5 Ne4 10. O-O Nxc3 11. bxc3 Re8 12. Rfc1 Nb6 13. e4 e6 14. Bd2 Bd7
15. Be1 a6 16. Rab1 Rab8 17. Rb2 Na4 18. Rb3 exd5 19. exd5 b5 20. Rcb1 Rbc8
21. cxb5 c4 22. Rb4 axb5 23. Nd4 Bxd4 24. cxd4 Bf5 25. Rxc4 Bxc2 0-1

[Event "Pohár města Říčany 2018"]
[Site "Městské kulturní středisko U labutě"]
[Date "2018.08.25"]
[Round "2.24"]
[White "Pavlicek, Petr"]
[Black "Cabart, Pavel"]
[Result "1-0"]
[WhiteElo "1891"]
[BlackElo "1750"]
[PlyCount "0"]
[EventDate "2018.08.25"]

1. c4 b6 2. Nf3 Bb7 3. g3 e6 4. Bg2 Nf6 5. O-O c5 6. Nc3 Be7 7. b3 O-O 8. Bb2
d6 9. Qc2 Nc6 10. Rad1 a6 11. a3 Qc7 12. e3 Ne5 13. Ng5 Bxg2 14. Kxg2 Qc6+
15. f3 h6 16. Nh3 b5 17. d4 cxd4 18. exd4 Ned7 19. d5 Qc5 20. dxe6 fxe6 21. Nf4
Qf5 22. Qxf5 exf5 23. cxb5 axb5 24. Ng6 Rfe8 25. Nxe7+ Rxe7 26. Rxd6 Rb8 27. b4
Nb6 28. Rfd1 Nc4 29. Rd8+ Rxd8 30. Rxd8+ Kf7 31. Bc1 Re1 32. Rd1 Rxd1 33. Nxd1
Nd5 34. Kf2 g5 35. Ke2 Ke6 36. Kd3 Ne5+ 37. Ke2 Nc4 38. f4 g4 39. Kd3 Kd6
40. Kd4 h5 41. a4 Nxb4 42. axb5 Nb6 43. Ba3 1-0

[Event "Pohár města Říčany 2018"]
[Site "Městské kulturní středisko U labutě"]
[Date "2018.08.25"]
[Round "2.25"]
[White "Jirousek, Tadeas"]
[Black "Cermak, Jan"]
[Result "0-1"]
[WhiteElo "1737"]
[BlackElo "1878"]
[PlyCount "0"]
[EventDate "2018.08.25"]

1. e4 c6 2. Nc3 d5 3. Nf3 Bg4 4. d4 e6 5. exd5 cxd5 6. Bd3 Nc6 7. Be3 Bb4
8. O-O Nf6 9. Nb1 Ne4 10. c3 Bd6 11. Nbd2 f5 12. Qb3 Qc7 13. h3 Bh5 14. Bxe4
fxe4 15. Ng5 Qe7 16. h4 O-O-O 17. Ngxe4 Qxh4 18. Nxd6+ Rxd6 19. Rac1 e5 20. dxe5
Nxe5 21. Qb4 Qxb4 22. cxb4+ Kd7 23. Bf4 Re8 24. Nb3 b6 25. Nd4 Rg6 26. Rfe1 Nd3
27. Rc7+ Kd8 28. Rxe8+ Kxe8 29. Bg3 a6 30. Ra7 Nxb4 31. a3 Nc6 32. Nxc6 Rxc6
33. Rxg7 Rc1+ 34. Kh2 d4 35. Be5 d3 36. Bf4 Rc4 37. Be3 Bg6 38. Rg8+ Ke7
39. Bxb6 Rc2 40. Ba5 Rxf2 41. Bc3 Kd7 42. Ra8 Be4 43. Rxa6 Rxg2+ 44. Kh3 d2
45. Bxd2 Rxd2 46. Rb6 Rd6 47. Rb4 Bg6 48. Kg4 Kc6 49. Kg5 Rd5+ 50. Kf4 Rb5
51. Rc4+ Kd5 52. Rc7 Rxb2 53. Rc3 Kd4 54. Rg3 Rf2+ 55. Kg5 Ra2 56. Kh6 Bd3 0-1

[Event "Pohár města Říčany 2018"]
[Site "Městské kulturní středisko U labutě"]
[Date "2018.08.25"]
[Round "2.26"]
[White "Havelka, Petr"]
[Black "Dubnicka, Augustin"]
[Result "1/2-1/2"]
[WhiteElo "1847"]
[BlackElo "1718"]
[PlyCount "0"]
[EventDate "2018.08.25"]

1. d4 d5 2. c4 c6 3. cxd5 cxd5 4. Nc3 Nf6 5. Nf3 Nc6 6. e3 e6 7. Be2 Bd6 8. O-O
O-O 9. b3 a6 10. Bb2 b5 11. Rc1 Bb7 12. Ne1 Rc8 13. Nd3 Qe7 14. Bf3 Nb4 15. Qe2
Nxd3 16. Qxd3 Ba3 17. Qe2 Rfd8 18. Nb1 Bxb2 19. Qxb2 h6 20. Rxc8 Rxc8 21. Rc1
Qd7 1/2-1/2

[Event "Pohár města Říčany 2018"]
[Site "Městské kulturní středisko U labutě"]
[Date "2018.08.25"]
[Round "2.27"]
[White "Lacha, Jan"]
[Black "Vilimova, Julie"]
[Result "0-1"]
[WhiteElo "1736"]
[BlackElo "1836"]
[PlyCount "0"]
[EventDate "2018.08.25"]

1. e4 c5 2. Nc3 Nc6 3. g3 g6 4. Bg2 Bg7 5. d3 e6 6. f4 d6 7. Nf3 Nge7 8. O-O
O-O 9. Ne2 d5 10. e5 Nf5 11. g4 Nh4 12. Nxh4 Qxh4 13. Ng3 Qe7 14. c3 b6 15. Be3
g5 16. d4 cxd4 17. cxd4 gxf4 18. Bxf4 Qb4 19. Be3 Qxb2 20. Rb1 Qxa2 21. Qc1 Bd7
22. Bh6 Qc4 23. Bxg7 Qxc1 24. Rbxc1 Kxg7 25. Nh5+ Kh8 26. Nf6 Nb8 27. Rf3 h6
28. Rh3 Kg7 29. Rg3 Rh8 30. Rf1 Bb5 31. Nh5+ Kf8 32. Rf2 Nd7 33. Nf4 Ke7
34. Bxd5 exd5 35. Nxd5+ Kd8 36. Rxf7 Rf8 37. Rgf3 Re8 38. Rh3 Bc4 39. Rxd7+ Kxd7
40. Nf6+ Ke7 41. Nxe8 Rxe8 42. Rxh6 b5 43. Rh7+ Bf7 44. d5 Rf8 45. e6 b4
46. exf7 Rxf7 47. d6+ 0-1

[Event "Pohár města Říčany 2018"]
[Site "Městské kulturní středisko U labutě"]
[Date "2018.08.25"]
[Round "2.28"]
[White "Matys, Jakub"]
[Black "Havel, Jan"]
[Result "1/2-1/2"]
[WhiteElo "1830"]
[BlackElo "1710"]
[PlyCount "0"]
[EventDate "2018.08.25"]

1. Nf3 d5 2. g3 Bg4 3. Bg2 c6 4. d4 Nf6 5. O-O e6 6. c4 Nbd7 7. Bg5 Be7 8. Nbd2
O-O 9. h3 Bh5 10. Rc1 Rc8 11. a3 h6 12. Bxf6 Bxf6 13. cxd5 cxd5 14. Rxc8 Qxc8
15. Qa4 a6 16. e3 Bg6 17. Qb4 Qc6 18. Nb3 Bd8 19. Rc1 Qb6 20. Qxb6 Bxb6 21. Bf1
Be4 22. Ne1 Nb8 23. Bd3 Nc6 24. Nc5 Bxc5 25. Rxc5 Rc8 26. f3 1/2-1/2

[Event "Pohár města Říčany 2018"]
[Site "Městské kulturní středisko U labutě"]
[Date "2018.08.25"]
[Round "2.29"]
[White "Skrabanek, Matej"]
[Black "Simak, Roman"]
[Result "0-1"]
[WhiteElo "1711"]
[BlackElo "1819"]
[PlyCount "0"]
[EventDate "2018.08.25"]

1. e4 c6 2. d4 d5 3. Nc3 dxe4 4. Nxe4 Bf5 5. Ng3 Bg6 6. Nf3 e6 7. Ne5 Nf6
8. Nxg6 hxg6 9. Be2 Bd6 10. c3 Qc7 11. Qd3 Nbd7 12. Bg5 O-O-O 13. Bxf6 gxf6
14. O-O-O f5 15. Kb1 Nf6 16. h3 Bxg3 17. fxg3 Ne4 18. Rhf1 Nxg3 19. Rf2 Ne4
20. Rf3 Kb8 21. Rdf1 e5 22. g4 Ng5 23. R3f2 Rxh3 24. Qd1 f4 25. Qa4 Ne4 0-1

[Event "Pohár města Říčany 2018"]
[Site "Městské kulturní středisko U labutě"]
[Date "2018.08.25"]
[Round "2.30"]
[White "Paldus, Jan"]
[Black "Vit, Zdenek"]
[Result "1/2-1/2"]
[WhiteElo "1812"]
[BlackElo "1692"]
[PlyCount "0"]
[EventDate "2018.08.25"]

1. e4 e5 2. Nf3 Nc6 3. Bb5 a6 4. Ba4 Nf6 5. O-O Nxe4 6. Re1 Nc5 7. Bxc6 dxc6
8. Nxe5 Be7 9. d4 Ne6 10. Be3 O-O 11. c3 Bg5 12. Nd2 Bxe3 13. Rxe3 c5 14. dxc5
Nxc5 15. Ndf3 Qxd1+ 16. Rxd1 f6 17. Rd5 b6 18. Nc6 Bb7 19. Nfd4 Rae8 20. b4 Bxc6
21. Nxc6 Ne6 22. g3 Ng5 23. Ne7+ Kf7 24. Rd7 Nf3+ 25. Rxf3 Rxe7 1/2-1/2

[Event "Pohár města Říčany 2018"]
[Site "Městské kulturní středisko U labutě"]
[Date "2018.08.25"]
[Round "2.31"]
[White "Otrubova, Kristyna"]
[Black "Kovar, Jan"]
[Result "0-1"]
[WhiteElo "1651"]
[BlackElo "1810"]
[PlyCount "0"]
[EventDate "2018.08.25"]

1. e4 e6 2. d3 d5 3. Nd2 Nf6 4. g3 b6 5. Bg2 Bb7 6. Ngf3 dxe4 7. Ng5 Nbd7
8. Ngxe4 Nc5 9. O-O Be7 10. Nxc5 Bxg2 11. Nxe6 fxe6 12. Kxg2 Qd5+ 13. Qf3 O-O
14. Kg1 Bc5 15. Qe2 Rae8 16. Nb3 Bd6 17. Be3 e5 18. Rad1 Qe6 19. f3 a5 20. a3
Nd5 21. Bf2 Qh6 22. Qe4 Nf6 23. Qe3 Qh5 24. Nd2 Nd5 25. Qe4 Nf6 26. Qe2 b5
27. Rde1 Rf7 28. Ne4 Nxe4 29. fxe4 Qxe2 30. Rxe2 Ref8 31. Ree1 a4 32. Be3 Rxf1+
33. Rxf1 Rxf1+ 34. Kxf1 Kf7 35. Kf2 c6 36. c3 g6 37. d4 Ke6 38. Kf3 Be7 39. dxe5
Kxe5 40. Bf4+ Ke6 41. h4 h5 42. Ke3 Bc5+ 43. Kd3 Be7 44. c4 Bc5 45. Kc3 Kf6
46. cxb5 cxb5 47. Kd3 Ke6 48. Be3 Bd6 49. Bf4 Bc5 50. Ke2 Bd4 51. Bc1 Be5
52. Kf3 Kf6 53. g4 Ke6 54. gxh5 gxh5 55. Ke3 Bf6 56. Kf4 Bxh4 57. e5 Bf2 58. Ke4
Bg3 59. Kd4 h4 60. Be3 Bxe5+ 61. Kc5 Bxb2 62. Kxb5 Bxa3 63. Kxa4 Bd6 64. Kb3 Kd5
65. Kc3 Ke4 66. Kd2 Kf3 67. Ke1 Kg2 0-1

[Event "Pohár města Říčany 2018"]
[Site "Městské kulturní středisko U labutě"]
[Date "2018.08.25"]
[Round "2.32"]
[White "Elias, Jakub"]
[Black "Ruzicka, Vaclav"]
[Result "1-0"]
[WhiteElo "1794"]
[BlackElo "1642"]
[PlyCount "0"]
[EventDate "2018.08.25"]

1. e4 c6 2. Nc3 d5 3. Nf3 e6 4. d4 dxe4 5. Nxe4 Nd7 6. Bd3 Ngf6 7. Ng3 g6
8. Qe2 Bg7 9. Bd2 Qc7 10. c4 O-O 11. Bc3 a5 12. O-O c5 13. Rac1 b6 14. Rfd1 Bb7
15. Bb1 Rfd8 16. dxc5 bxc5 17. b3 Qc6 18. Ne1 h5 19. f3 Qc7 20. Ne4 Nxe4
21. Bxg7 Kxg7 22. Bxe4 Bxe4 23. Qxe4 Nf6 24. Qe3 Rac8 25. Nd3 Ng8 26. Nf4 Rxd1+
27. Rxd1 Ne7 28. Qc3+ Kg8 29. Qf6 Nf5 30. Nxe6 Qe7 31. Qxe7 Nxe7 32. Rd8+ Rxd8
33. Nxd8 Kf8 34. Nb7 Nc6 35. Nxc5 Ke7 36. Kf2 Nb4 37. a3 Nc6 38. Ke3 Kd6 39. Nd3
g5 40. b4 axb4 41. axb4 f5 42. g3 Ne7 43. b5 Nc8 44. Kd4 g4 45. c5+ Kc7 46. fxg4
hxg4 47. Ke5 Ne7 48. Nb4 Kd7 49. Nd5 1-0